| 000 | 00489nam a22001697a 4500 | ||
|---|---|---|---|
| 003 | SGT | ||
| 020 | _a9788189901363 | ||
| 082 | _a333.7,VER | ||
| 100 | _aVERMA,SNEH LATA | ||
| 245 | _aRESOURCE BOOK OF ENVIRONMENTAL EDUCATION | ||
| 250 | _a1ST | ||
| 260 |
_aDELHI _bACADEMIC EXCELLENCE _c2008 |
||
| 300 | _a190 | ||
| 650 | _aECONOMICS OF LAND & ENERGY | ||
| 653 | _aENVIRONMENTAL EDUCATION A CATALYST FOR EDUCATION REFORM, METHODOLOGIES FOR ENVIRONMENTAL EDUCATION, | ||
| 942 |
_2ddc _cFCM |
||
| 999 |
_c8878 _d8878 |
||